|
|
|
|
| LEADER |
00000nab a2200000 a 4500 |
| 001 |
vtls000475348 |
| 003 |
SK-MaSNL |
| 005 |
20260318124633.0 |
| 008 |
230213c1992 xo 0 eng |
| 015 |
|
|
|a SNBRB19rr/mm-uuuuu
|
| 035 |
|
|
|a CL0475482
|
| 035 |
|
|
|a urn:nbn:sk:snk-abbn6r
|
| 035 |
|
|
|a (urnnbn)urn:nbn:sk:snk:ar-000utt
|
| 035 |
|
|
|a (uuid)6e6f7029-5d97-46f5-8ab5-394124b69ba4
|
| 040 |
|
|
|a SNKBUCL
|b slo
|c SNKBUCL
|e AACR2
|
| 041 |
0 |
|
|a eng
|
| 044 |
|
|
|a xo
|c SK
|
| 080 |
|
|
|a 582.263:581.16
|2 1981
|
| 080 |
|
|
|a 581.16
|2 1981
|
| 100 |
1 |
|
|a Hindák, František,
|d 1937-2019
|4 aut
|9 264601
|
| 245 |
1 |
0 |
|a New observations an Sphaerellocystis pallens Ettl (Chlorophyceae, Tetrasporales)
|c František Hindák, Alica Hindáková
|
| 300 |
|
|
|b Obr. 6, tab. 1, res. slov., lit. 8 zázn. v angl., franc., nem.
|
| 650 |
0 |
7 |
|a zelené riasy
|2 snkbucl
|9 145213
|
| 650 |
0 |
7 |
|a Sphaerellocystic pallens
|2 snkbucl
|9 1254203
|
| 655 |
|
7 |
|a články z novín a časopisov
|2 snkbucl
|9 267496
|
| 700 |
1 |
|
|a Hindáková, Alica,
|d 1968-
|4 aut
|9 264600
|
| 773 |
0 |
|
|t Biológia
|g Roč. 47, č. 7 (1992), s. 529-537
|x 0006-3088
|
| 850 |
|
|
|a Slovenská národná knižnica v Martine
|a MTA001
|
| 852 |
|
|
|a SNK
|b KIS3GCP
|
| 954 |
|
|
|a odborná, vedecká literatúra pôvodná (slovenská)
|2 lita
|
| 958 |
|
|
|a NB
|
| 958 |
|
|
|a RK
|
| 958 |
|
|
|a OND
|
| 958 |
|
|
|a EUIPO
|
| 958 |
|
|
|a article15
|
| 992 |
|
|
|a RBX
|
| 999 |
|
|
|c 2228744
|d 2230674
|